| 000 | 01799nam a2200373 i 4500 | ||
|---|---|---|---|
| 001 | 196261 | ||
| 003 | ES-MaACL | ||
| 005 | 20260307063017.0 | ||
| 008 | 240823s2000 sp | ||| ||spa | ||
| 016 | 7 |
_abimoBNE20010310453 _2SpMaBN |
|
| 017 |
_aM 45448-2000 _bOficina Depósito Legal Madrid |
||
| 020 | _a8485498879 | ||
| 035 | _a(OCoLC)47629505 | ||
| 035 | _a(SpMaBN)bimo0001661705 | ||
| 035 | _a991005784839708606 | ||
| 040 |
_aSpMaBN _bspa _cSpMaBN _erdc |
||
| 080 | _a821.134.2(82)-6"19" | ||
| 100 | 0 |
_aMenassa, Miguel Óscar, _d1940-2024 _eaut _980079 |
|
| 245 | 1 | 0 |
_aCartas a mi mujer / _cMiguel Oscar Menassa. |
| 260 |
_a[Madrid] : _bGrupo Cero, _c[2000]. |
||
| 300 |
_a86 p. : _bil. ; _c22 cm. |
||
| 336 |
_2rdacontent _atexto |
||
| 337 |
_2rdamedia _asin mediación |
||
| 338 |
_2rdacarrier _avolumen |
||
| 490 | 1 | _aColección Narrativa 2001 | |
| 520 | _aHoy quiero liberarte de la responsabilidad por mi trabajo. No fue que trabajé como una bestia para que vos pudieras vivir como una reina. Fue que trabajé como una bestia para poder soportar que fueras una reina y vivieras conmigo. Algunos, algunas podrán decir: una pequeña reina de su propio corazón, una reina sin reino dirán otros pero frente a la poesía siempre te comportaste como una verdadera reina del mar. Fuiste capaz de acallar el sonido de las olas para que yo escribiera ese silencio. | ||
| 655 | 7 |
_2tgfbne _9176539 _aPoesías |
|
| 852 |
_aES-MaACL _bR.154488 _cDEPOJ _jN-9315 _hDonación: Miguel Oscar Menassa _xEncuadernación rústica _9205386 |
||
| 903 |
_aMenassa, Miguel Óscar, _d1940-2024 _ednr _980079 |
||
| 942 |
_cMONOGRAFIA _n0 |
||
| 999 |
_c196261 _d196261 |
||